000 00560nam a2200181 a 4500
001 1758620201844
003 YourLibrary
005 20250923150820.0
008 250923s2002##################000#0#eng##
020 _a9783631389249
082 0 4 _a577.015
_bHOL
100 1 _aHölker, Franz,
_eauthor.
245 1 0 _aScales, Hierarchies and Emergent Properties in Ecological Models :
260 _bPeter Lang Gmbh, Internationaler Verlag Der Wissenschaften,
_c2002.
650 0 _aBiological models.
942 _cENGLISH
040 _aYourLibrary
_beng
_cYourLibrary
999 _c589071
_d589071